| 000 | 00935cam a2200241 4500 | ||
|---|---|---|---|
| 001 | ABS68499 | ||
| 008 | 041216n2004 000 0 eng u | ||
| 035 | _a(Sirsi) u128347 | ||
| 100 | _aBolton, A. | ||
| 245 | _a2012 Olympics | ||
| 260 | _c2004 | ||
| 490 |
_aNew Civil Engineer _v25 November 2004, 14-21(8) |
||
| 520 | _aSeries of articles on the construction of the 2012 Olympics infrastructure. Covers what needs to be done to bring the Olympics to London, how the existing transport network will cope with the number of spectators, the infrastructure required, the use of renewable energy supplies and the design of the Olympic facilities. | ||
| 590 | _aABS | ||
| 590 | _aABS | ||
| 650 | _aLONDON 2012 OLYMPIC BID | ||
| 650 | _aOLYMPIC STADIA | ||
| 650 | _aSPORTS FACILITIES | ||
| 650 | _aTRANSPORT INFRASTRUCTURE | ||
| 690 | _aBUILDING AND CONSTRUCTION-ENGINEERING-CIVIL | ||
| 700 | _aHansford, M. | ||
| 942 | _n0 | ||
| 999 |
_c118463 _d118463 |
||